00309nam a2200121Ia 4500008004100000100001800041245004700059260003400106300000900140650001400149942000700163999001700170190216s9999||||xx |||||||||||||| ||und|| aKolaridge S T 0aOru Chiranjeevi Navinte Yathananubavangal bKerala Sahithya Academyc1978 a104p aKavithkal cBK c25340d25340